00489nam a2200193 a 4500001001300000003000900013005001700022008004100039020001100080082001800091100001900109245002500128260004500153300001000198500003500208505001000243650002300253700001900276nice12345678IN_TiNIC20260116012204.0050524s1971 lona grp 000 0 eng  ac3.7500a297.122bCRA1 aCragg, Kenneth aEvent of the Qur`an. aLondonbGeorge Allen and Unwin Ltdc1971 a208p. aincludes index and biblioraphy2 aIndex aQuran-Appreciation1 aCragg, Kenneth